| 000 | 00769nam a2200253 a 4500 | ||
|---|---|---|---|
| 001 | 000014486 | ||
| 005 | 20200929163846.0 | ||
| 008 | 100111s1999 sp a 000 f spa d | ||
| 020 | _a8437615941 | ||
| 040 |
_aDO-SdBNP _bspa _cBNPHU |
||
| 082 |
_aCu863.2 _bG633s, 1999 |
||
| 100 | 1 |
_aGómez de Avellaneda, Gertrudis, _d1814-1873 _932713 |
|
| 245 | 1 | 0 |
_aSab / _cGertrudis Gómez de Avellaneda ; edición de José Servera. |
| 250 | _a2a ed. | ||
| 260 |
_aMadrid : _bCátedra, _c1999. |
||
| 300 |
_a275, [4] p. : _bil. ; _c18 cm. |
||
| 490 | 1 |
_aLetras hispánicas _v437 |
|
| 650 | 4 |
_aNovela cubana _92316 |
|
| 650 | 4 |
_aLiteratura cubana _91483 |
|
| 700 | 1 |
_aServera, José, _eed. _932714 |
|
| 830 | 0 |
_aLetras hispánicas ; _v437 _94208 |
|
| 910 | _aWM | ||
| 049 | _aBNGR | ||
| 999 |
_c14075 _d14075 |
||